[Event "Wch U20 57th"]
[Site "Manavgat"]
[Date "2018.09.10"]
[Round "6"]
[White "Dedebas, Emre Emin"]
[Black "Helander, Benjamin"]
[Result "1/2-1/2"]
[WhiteElo "2334"]
[BlackElo "1994"]
[PlyCount "57"]
[EventDate "2018.09.05"]
[EventType "swiss"]
[EventRounds "11"]
[EventCountry "TUR"]
[SourceTitle "CBM 186 Extra"]
[Source "ChessBase"]
[SourceDate "2018.08.24"]
[SourceVersion "1"]
[SourceVersionDate "2018.08.24"]
[SourceQuality "1"]

1. d4 Nf6 2. c4 c5 3. d5 b5 4. cxb5 a6 5. b6 e6 6. Nc3 Qxb6 7. e4 d6 8. Bc4 Be7 9. dxe6 Bxe6 10. Bxe6 fxe6 11. Nf3 Nc6 12. 0-0 0-0 13. Ng5 Nd4 14. Be3 h6 15. Bxd4 hxg5 16. Be3 Qxb2 17. Qd3 Ng4 18. Qc4 d5 19. exd5 Nxe3 20. fxe3 Qb4 21. Qd3 Bf6 22. Rac1 Bxc3 23. Qxc3 Rxf1+ 24. Kxf1 Rf8+ 25. Kg1 exd5 26. Qd3 d4 27. exd4 cxd4 28. Qc4+ Qxc4 29. Rxc4 1/2-1/2

[Event "FIN-ch U20"]
[Site "Valkeakoski"]
[Date "2018.06.09"]
[Round "5"]
[White "Helander, Benjamin"]
[Black "Valkama, Eero"]
[Result "1/2-1/2"]
[WhiteElo "1983"]
[BlackElo "2252"]
[PlyCount "53"]
[EventDate "2018.06.07"]
[EventType "tourn"]
[EventRounds "7"]
[EventCountry "FIN"]
[SourceTitle "EXT 2022"]
[Source "ChessBase"]
[SourceDate "2021.10.06"]
[SourceVersion "1"]
[SourceVersionDate "2021.10.06"]
[SourceQuality "1"]

1. e4 e5 2. Nf3 Nc6 3. Bc4 Bc5 4. 0-0 Nf6 5. d3 d6 6. Nbd2 a6 7. a4 0-0 8. Re1 Ng4 9. Re2 Kh8 10. h3 Nh6 11. Nf1 f5 12. exf5 Nxf5 13. c3 Qf6 14. b4 Bb6 15. b5 axb5 16. Bg5 Qg6 17. axb5 Rxa1 18. Qxa1 Nd8 19. Bxd8 Rxd8 20. Qa8 Qf6 21. Bd5 Nh4 22. Nxh4 Bg4 23. Ra2 Qxh4 24. g3 Qf6 25. hxg4 Qxf2+ 26. Rxf2 Rxa8 27. Kg2 1/2-1/2

[Event "FIN-ch U20"]
[Site "Valkeakoski"]
[Date "2018.06.09"]
[Round "6"]
[White "Lindholm, Jere"]
[Black "Helander, Benjamin"]
[Result "1/2-1/2"]
[WhiteElo "2099"]
[BlackElo "1983"]
[PlyCount "88"]
[EventDate "2018.06.07"]
[EventType "tourn"]
[EventRounds "7"]
[EventCountry "FIN"]
[SourceTitle "EXT 2022"]
[Source "ChessBase"]
[SourceDate "2021.10.06"]
[SourceVersion "1"]
[SourceVersionDate "2021.10.06"]
[SourceQuality "1"]

1. e4 e6 2. d4 d5 3. Nd2 Nf6 4. e5 Nfd7 5. Bd3 c5 6. c3 Nc6 7. Ne2 Qb6 8. Nf3 cxd4 9. cxd4 Bb4+ 10. Bd2 0-0 11. 0-0 f6 12. exf6 Nxf6 13. Rc1 Bd7 14. Bxb4 Qxb4 15. b3 Qd6 16. Bb1 Rae8 17. Re1 e5 18. dxe5 Nxe5 19. Nxe5 Rxe5 20. Ng3 Rfe8 21. Qd2 h5 22. Bg6 Rxe1+ 23. Rxe1 Rxe1+ 24. Qxe1 h4 25. Nf5 Bxf5 26. Bxf5 Kf7 27. Qe3 g6 28. Bd3 Ng4 29. Qf3+ Nf6 30. h3 Qe5 31. Qe3 Qxe3 32. fxe3 g5 33. Kf2 Nd7 34. Bf5 Ne5 35. Ke2 Ke7 36. Kd2 Kd6 37. Kc3 a5 38. a3 b6 39. Bc8 Nc6 40. Bb7 Ne7 41. Kd4 Nf5+ 42. Kd3 Ke5 43. Bc8 Nd6 44. Bg4 Ne4 1/2-1/2

[Event "Turku We TSY"]
[Site "Turku"]
[Date "2017.03.26"]
[Round "5"]
[White "Niemi, Kalle"]
[Black "Helander, Benjamin"]
[Result "1-0"]
[WhiteElo "2357"]
[BlackElo "1950"]
[PlyCount "81"]
[EventDate "2017.03.24"]
[EventType "swiss"]
[EventRounds "5"]
[EventCountry "FIN"]
[SourceTitle "EXT 2022"]
[Source "ChessBase"]
[SourceDate "2021.10.06"]
[SourceVersion "1"]
[SourceVersionDate "2021.10.06"]
[SourceQuality "1"]

1. e4 e6 2. d4 d5 3. Nc3 Nf6 4. Bg5 dxe4 5. Nxe4 Be7 6. Bxf6 gxf6 7. Qd3 b6 8. 0-0-0 Bb7 9. Nc3 c6 10. Qg3 f5 11. Nf3 Nd7 12. Ne5 Nxe5 13. dxe5 Qc7 14. Qg7 Rf8 15. Be2 Rd8 16. Bh5 Bc5 17. g4 Bd4 18. gxf5 Qxe5 19. Qxe5 Bxe5 20. fxe6 Rxd1+ 21. Rxd1 Bf4+ 22. Kb1 Bc8 23. exf7+ Ke7 24. Re1+ Kf6 25. Ne4+ Kg7 26. Ng3 Bd6 27. Re4 Kh6 28. f4 Bh3 29. a4 Bc5 30. b4 Bg1 31. Re8 Kg7 32. f5 Bd4 33. Ka2 c5 34. b5 c4 35. Kb1 Bc3 36. Ne4 Bb4 37. f6+ Kh6 38. c3 Kxh5 39. cxb4 Rxf7 40. Re5+ Kg6 41. Ng5 1-0

[Event "Nordic-ch U20"]
[Site "Drammen"]
[Date "2017.02.18"]
[Round "4"]
[White "Helander, Benjamin"]
[Black "Morling, Joakim"]
[Result "1/2-1/2"]
[WhiteElo "1914"]
[BlackElo "2079"]
[PlyCount "123"]
[EventDate "2017.02.17"]
[EventType "swiss"]
[EventRounds "6"]
[EventCountry "NOR"]
[SourceTitle "CBM 176 Extra"]
[Source "ChessBase"]
[SourceDate "2017.03.02"]
[SourceVersion "1"]
[SourceVersionDate "2017.03.02"]
[SourceQuality "1"]

1. e4 e6 2. d4 d5 3. Nd2 Nf6 4. e5 Nfd7 5. Bd3 c5 6. c3 Nc6 7. Ne2 cxd4 8. cxd4 f6 9. exf6 Nxf6 10. Nf3 Bd6 11. 0-0 Qc7 12. Bg5 0-0 13. Bh4 Nh5 14. Bg3 Nxg3 15. hxg3 g6 16. Rc1 Qg7 17. a3 Bd7 18. Qd2 a5 19. Bb5 h6 20. Nc3 g5 21. Bxc6 Bxc6 22. Rfe1 Rf6 23. Ne5 Be8 24. Ng4 Rg6 25. Ne5 Rf6 26. Ng4 Rg6 27. Ne5 Bxe5 28. Rxe5 Rf6 29. Nd1 Qd7 30. Ne3 Bh5 31. g4 Bg6 32. f3 Rff8 33. Nd1 b5 34. Qe2 Kf7 35. Nf2 Rfc8 36. Rxc8 Rxc8 37. Nd3 Bxd3 38. Qxd3 Rc1+ 39. Kh2 Kf6 40. Qe3 Rc6 41. f4 gxf4 42. Qxf4+ Kg6 43. Qe3 Qe7 44. Qh3 Qf6 45. Qh5+ Kh7 46. g5 Qf4+ 47. Kh3 Qf8 48. Kg3 Rc2 49. Qxh6+ Qxh6 50. gxh6 Rxb2 51. Rxe6 Ra2 52. Re3 Kxh6 53. Rb3 Kg5 54. Rxb5 Rxa3+ 55. Kh2 Kf4 56. Rxd5 Ke4 57. Rd8 Ra4 58. d5 Ke5 59. d6 Ke6 60. Kh3 Rd4 61. Ra8 Rxd6 62. Rxa5 1/2-1/2

[Event "Nordic-ch U20"]
[Site "Drammen"]
[Date "2017.02.17"]
[Round "1"]
[White "Syvalahti, Timo"]
[Black "Helander, Benjamin"]
[Result "1/2-1/2"]
[WhiteElo "2149"]
[BlackElo "1914"]
[PlyCount "96"]
[EventDate "2017.02.17"]
[EventType "swiss"]
[EventRounds "6"]
[EventCountry "NOR"]
[SourceTitle "CBM 176 Extra"]
[Source "ChessBase"]
[SourceDate "2017.03.02"]
[SourceVersion "1"]
[SourceVersionDate "2017.03.02"]
[SourceQuality "1"]

1. d4 Nf6 2. c4 g6 3. Nc3 Bg7 4. e4 d6 5. f3 0-0 6. Be3 Nc6 7. Nge2 a6 8. Qd2 Rb8 9. Rc1 Bd7 10. g3 b5 11. c5 dxc5 12. dxc5 Ne5 13. Nd4 Qc8 14. b3 Rd8 15. Bg2 Bh3 16. 0-0 Bxg2 17. Qxg2 Qb7 18. Rfd1 Rd7 19. Rd2 Nc6 20. Nxc6 Qxc6 21. Rxd7 Nxd7 22. Nd5 Re8 23. Qd2 Ne5 24. Kg2 e6 25. Nb4 Qa8 26. Rd1 f5 27. Qc2 Rf8 28. Bf4 a5 29. Bxe5 Bxe5 30. Nd3 Bd4 31. Nf4 fxe4 32. Qxe4 Qxe4 33. fxe4 e5 34. Ne6 Rf2+ 35. Kh3 Rxa2 36. Nxc7 Bxc5 37. Nxb5 Rb2 38. Rd5 Bg1 39. Rxe5 Rxh2+ 40. Kg4 Rg2 41. Rd5 h5+ 42. Kf4 Bh2 43. Rg5 Kg7 44. Kf3 Rb2 45. Nd4 Bg1 46. Rd5 Bxd4 47. Rxd4 Rxb3+ 48. Kf4 Rb6 1/2-1/2

[Event "Raahe We RaahLi"]
[Site "Raahe"]
[Date "2016.11.06"]
[Round "4"]
[White "Helander, Benjamin"]
[Black "Peltomaa, Jukka"]
[Result "1/2-1/2"]
[WhiteElo "1929"]
[BlackElo "1928"]
[PlyCount "49"]
[EventDate "2016.11.05"]
[EventType "swiss"]
[EventRounds "5"]
[EventCountry "FIN"]
[SourceTitle "EXT 2022"]
[Source "ChessBase"]
[SourceDate "2021.10.06"]
[SourceVersion "1"]
[SourceVersionDate "2021.10.06"]
[SourceQuality "1"]

1. d4 Nf6 2. c4 e6 3. Nc3 Bb4 4. Qc2 0-0 5. e3 b6 6. Bd3 d5 7. cxd5 exd5 8. Nge2 c5 9. dxc5 bxc5 10. 0-0 Bb7 11. a3 Ba5 12. Rd1 Nbd7 13. Rb1 Qe7 14. b4 cxb4 15. axb4 Bxb4 16. Na2 a5 17. Nxb4 axb4 18. Bd2 Rfc8 19. Bxb4 Qe6 20. Bc3 Ba6 21. Nd4 Bxd3 22. Qxd3 Qa6 23. Nf5 Qxd3 24. Rxd3 Rcb8 25. Rxb8+ 1/2-1/2

[Event "Wch U18"]
[Site "Khanty-Mansiysk"]
[Date "2016.10.03"]
[Round "11"]
[White "Helander, Benjamin"]
[Black "Weerasinghe, CC."]
[Result "1/2-1/2"]
[WhiteElo "1892"]
[BlackElo "1884"]
[PlyCount "26"]
[EventDate "2016.09.22"]
[EventType "swiss"]
[EventRounds "11"]
[EventCountry "RUS"]
[SourceTitle "EXT 2017"]
[Source "ChessBase"]
[SourceDate "2016.10.25"]
[SourceVersion "1"]
[SourceVersionDate "2016.10.25"]
[SourceQuality "1"]

1. e4 c5 2. Nf3 Nc6 3. d4 cxd4 4. Nxd4 e5 5. Nf3 Nf6 6. Bd3 d5 7. Nbd2 Bc5 8. 0-0 Bg4 9. Re1 0-0 10. h3 Bxf3 11. gxf3 dxe4 12. Nxe4 Nxe4 13. Bxe4 f5 1/2-1/2

[Event "Wch U18"]
[Site "Khanty-Mansiysk"]
[Date "2016.09.29"]
[Round "7"]
[White "Oner, Oguz"]
[Black "Helander, Benjamin"]
[Result "1-0"]
[WhiteElo "1962"]
[BlackElo "1892"]
[PlyCount "61"]
[EventDate "2016.09.22"]
[EventType "swiss"]
[EventRounds "11"]
[EventCountry "RUS"]
[SourceTitle "EXT 2017"]
[Source "ChessBase"]
[SourceDate "2016.10.25"]
[SourceVersion "1"]
[SourceVersionDate "2016.10.25"]
[SourceQuality "1"]

1. Nf3 Nf6 2. g3 g6 3. b3 Bg7 4. Bb2 c5 5. c4 0-0 6. Bg2 Nc6 7. 0-0 e6 8. d4 cxd4 9. Nxd4 d5 10. cxd5 Nxd5 11. Nxc6 bxc6 12. Bxg7 Kxg7 13. Qd4+ Qf6 14. Qxf6+ Kxf6 15. Rc1 Bb7 16. e4 Nc7 17. Nd2 e5 18. Nc4 Nb5 19. f4 exf4 20. gxf4 Nd4 21. Kf2 Rfd8 22. e5+ Ke6 23. Nd6 Rab8 24. Ke3 Nb5 25. Nxb7 Rxb7 26. Bxc6 Rb6 27. Bxb5 Rxb5 28. Rd1 Rc8 29. Rac1 Rbc5 30. Rxc5 Rxc5 31. Rd6+ 1-0

[Event "Kokkola We KokkSK"]
[Site "Kokkola"]
[Date "2016.03.20"]
[Round "4"]
[White "Lahti, Jouko"]
[Black "Helander, Benjamin"]
[Result "0-1"]
[WhiteElo "1991"]
[BlackElo "1883"]
[PlyCount "82"]
[EventDate "2016.03.19"]
[EventType "swiss"]
[EventRounds "5"]
[EventCountry "FIN"]
[SourceTitle "EXT 2022"]
[Source "ChessBase"]
[SourceDate "2021.10.06"]
[SourceVersion "1"]
[SourceVersionDate "2021.10.06"]
[SourceQuality "1"]

1. c4 c6 2. Nf3 d5 3. Qc2 Nf6 4. e3 e6 5. b3 Be7 6. Bb2 Nbd7 7. Be2 b6 8. 0-0 0-0 9. d3 Bb7 10. Nbd2 Rc8 11. Ne5 Bd6 12. f4 Qc7 13. Nxd7 Nxd7 14. Rf3 e5 15. fxe5 Nxe5 16. Rh3 Ng6 17. Rf1 Rce8 18. d4 Bc8 19. g4 Qe7 20. Rf2 Qg5 21. Rh5 Qxe3 22. Nf1 Qe4 23. Bf3 Qxc2 24. Rxc2 Nf4 25. cxd5 Nxh5 26. Rxc6 Bf4 27. gxh5 Bb7 28. Ba3 Bxc6 29. dxc6 Rd8 30. Bxf8 Kxf8 31. d5 g6 32. hxg6 hxg6 33. h3 f5 34. Kf2 Ke7 35. Ne3 Bxe3+ 36. Kxe3 g5 37. Kd4 Kd6 38. a4 Rh8 39. Bg2 Rh4+ 40. Kd3 Rf4 41. Ke3 Rb4 0-1

[Event "Narva Baltic Stars"]
[Site "Narva"]
[Date "2015.12.09"]
[Round "1"]
[White "Chukavin, Kirill"]
[Black "Helander, Benjamin"]
[Result "1-0"]
[WhiteElo "2213"]
[BlackElo "1906"]
[PlyCount "71"]
[EventDate "2015.12.09"]
[EventType "team-tourn"]
[EventRounds "5"]
[EventCountry "EST"]
[SourceTitle "CBM 170 Extra"]
[Source "ChessBase"]
[SourceDate "2016.02.25"]
[SourceVersion "1"]
[SourceVersionDate "2016.02.25"]
[SourceQuality "1"]

1. e4 e6 2. d4 d5 3. Nd2 Nf6 4. e5 Nfd7 5. Bd3 c5 6. c3 Nc6 7. Ne2 Qb6 8. Nf3 f6 9. exf6 Nxf6 10. 0-0 Bd6 11. b3 0-0 12. Bg5 Qc7 13. Bh4 Ne7 14. Bg3 Bd7 15. Bxd6 Qxd6 16. Ne5 Rae8 17. Qd2 Bc6 18. Rae1 Nd7 19. Ng3 cxd4 20. cxd4 Nxe5 21. Rxe5 Bd7 22. Bb1 Nc6 23. Rh5 g6 24. Qh6 Re7 25. Rg5 Be8 26. h4 Nxd4 27. h5 Nf5 28. Bxf5 exf5 29. Nxf5 Rxf5 30. Rxf5 Re2 31. Rf3 Rxa2 32. Re1 Bf7 33. Rxf7 Kxf7 34. Qxh7+ Kf8 35. hxg6 Qf6 36. Qh6+ 1-0